| 000 | 00952nam a22002057a 4500 | ||
|---|---|---|---|
| 999 |
_c62972 _d62972 |
||
| 003 | Ge_BSU | ||
| 005 | 20250416172402.0 | ||
| 008 | 250416s2023 ge ||||| |||| 00| 0 geo d | ||
| 020 | _a9789941488849 | ||
| 041 | _ageo | ||
| 080 | _a94(479.22),,18/20 ''(075.8) გ-61 | ||
| 100 |
_aგოგოლიშვილი, ოთარ _924846 |
||
| 245 |
_aსაქართველოს ისტორია (XIX-XXI ს.ს.) : _b(დამხმარე სახალმძღვანელო) / _cოთარ გოგოლიშვილი; რედაქტორი ნანა ხახუტაიშვილი. |
||
| 264 |
_aბათუმი : _bბსუ, _c2023. |
||
| 300 |
_a404 გვ. ; _b21 სმ. |
||
| 504 | _aბიბლიოგრ. გვ. 400 | ||
| 653 | _aისტორია | ||
| 700 |
_aხახუტაიშვილი, ნანა _eრედაქტორი _924847 |
||
| 942 |
_2udc _cᲬᲘᲒᲜᲘ |
||